Statistical thinking for behavioral scientists /

Bibliographic Details
Main Author: Hildebrand, David K., 1940-
Format: Book
Language:English
Published: Boston : Duxbury Press, [1986]
Subjects:

MARC

Tag First Indicator Second Indicator Subfields
LEADER 00000pam a2200000 a 4500
001 in00000415413
005 20151012063940.0
008 851008s1986 maua b 00110 eng
010 |a  85025377  
020 |a 0871509490 
035 |a (OCoLC)12752347 
035 |9 ABW0902AM 
039 0 |a 2  |b 3  |c 3  |d 3  |e 3 
040 |a DLC  |c DLC  |d TXA  |d UtOrBLW 
049 |a TXAM  |c [A09802854] 
050 0 0 |a QA276.12  |b .H557 1986 
082 0 |a 519.5  |2 19 
100 1 |a Hildebrand, David K.,  |d 1940- 
245 1 0 |a Statistical thinking for behavioral scientists /  |c David K. Hildebrand. 
264 1 |a Boston :  |b Duxbury Press,  |c [1986] 
264 4 |c ©1986 
300 |a xv, 812 pages :  |b illustrations ;  |c 25 cm. 
336 |a text  |b txt  |2 rdacontent 
337 |a unmediated  |b n  |2 rdamedia 
338 |a volume  |b nc  |2 rdacarrier 
500 |a Includes index. 
504 |a Bibliography: pages 743-746. 
650 0 |a Statistics. 
999 |a MARS 
999 f f |s 01b4e31c-9165-3b35-8ab4-92f75f878e50  |i 934dd7ea-3f37-3489-85e5-aac18e24bd74  |t 0 
952 f f |p normal  |a Texas A&M University  |b College Station  |c Sterling C. Evans Library  |d Evans: Library Stacks  |t 0  |e QA276.12 .H557 1986  |h Library of Congress classification  |i unmediated -- volume  |m A14809802854 
998 f f |a QA276.12 .H557 1986  |t 0  |l Evans: Library Stacks